000 00722nam a2200289Ia 4500
005 20260324134735.0
008 008 260324s9999 xx 000 0 eng d
020 _a9780203187623
037 _aEBOOK
040 _aCRL
040 _beng
040 _cCRL
041 _2eng
041 _aeng
084 _qCRL
100 _aChris Yates; Jo Bradley
_91197967
245 0 _aBasic Education at a Distance
245 0 _bWorld Review of Distance Education and Open Learning: Volume 2
260 _bTaylor and Francis
260 _c2001
365 _a
365 _b76.99
856 _uhttp://www.taylorfrancis.com/books/9780203187623
942 _cEBOOK
999 _c1798358
_d1798358